[Event "Bundesliga 8081"]
[Site "Germany"]
[Date "1981.??.??"]
[Round "?"]
[White "Clemens, Christian"]
[Black "Reefschlaeger, Helmut"]
[Result "1-0"]
[WhiteElo "2390"]
[BlackElo "2400"]

1.g3 d5 2.Nf3 c6 3.Bg2 Nf6 4.b3 Bg4 5.Ba3 Nbd7 6.O-O Bxf3 7.Bxf3 e5 8.Bxf8 Nxf8
9.d3 h5 10.Nd2 h4 11.e4 hxg3 12.hxg3 d4 13.Bg4 Qe7 14.Kg2 Qc5 15.Rb1 b5 16.Bh3 Ng6
17.Nf3 Qd6 18.Rh1 Ke7 19.Qd2 Rh5 20.Bf5 Rah8 21.Qa5 Qb8 22.Rxh5 Nxh5 23.a4 Nhf4+
24.gxf4 Nxf4+ 25.Kf1 g6 26.Qb4+ Ke8 27.Bg4 f5 28.exf5 gxf5 29.Bxf5 Rh1+ 30.Ng1 Qd8
31.Be4 Rxg1+ 32.Kxg1 Qg5+ 33.Kf1 Qg4 34.Bxc6+ Kf7 35.Qd2 Qh3+ 36.Ke1 Qh2  1-0

[Event "Bundesliga 8081"]
[Site "Germany"]
[Date "1981.??.??"]
[Round "?"]
[White "Clemens, Christian"]
[Black "Fahnenschmidt, Gerhard"]
[Result "1/2-1/2"]
[WhiteElo "2390"]
[BlackElo "2360"]

1.g3 d5 2.Nf3 g6 3.Bg2 Bg7 4.d4 Nf6 5.O-O O-O 6.c4 c6 7.cxd5 cxd5 8.Ne5 Nc6
9.Nxc6 bxc6 10.Nc3 Bf5 11.Bf4 Ne4 12.Na4 Re8 13.Rc1 Rc8 14.Re1 Nd6 15.Nc5 Qa5
16.a3 Qb6 17.b3 Nb5 18.e3 Rcd8 19.a4 Nd6 20.Qe2 Bc8 21.Rc3 Nf5 22.Rd1 h6
23.g4 Nh4 24.Bh1 g5 25.Bg3 e5 26.dxe5 Qb4 27.Rcc1 Bxg4 28.f3 Bh5 29.Qf1 Nf5
30.Qh3 Bg6 31.Bf2 Bxe5 32.Nd3 Qxb3 33.Nxe5 Rxe5 34.e4 Rxe4 35.Rb1 Qa3 36.Ra1 Qb3  1/2-1/2

[Event "Bundesliga 8081"]
[Site "Germany"]
[Date "1981.??.??"]
[Round "?"]
[White "Borik, Otto"]
[Black "Goehring, Karl Heinz"]
[Result "0-1"]
[WhiteElo "2390"]
[BlackElo "2285"]

1.Nf3 d5 2.g3 c6 3.Bg2 Bg4 4.b3 e6 5.Bb2 Nf6 6.O-O Be7 7.d3 O-O 8.Nbd2 Nbd7
9.h3 Bh5 10.e4 h6 11.e5 Ne8 12.g4 Bg6 13.Qe2 Nc7 14.Nh2 f6 15.f4 fxe5 16.fxe5 Bg5
17.Ba3 Rxf1+ 18.Rxf1 Nb5 19.Bb2 Qa5 20.Ndf3 Qxa2 21.Nxg5 Qxb2 22.Nxe6 Qxe5
23.Qxe5 Nxe5 24.Re1 Nd7 25.c4 dxc4 26.dxc4 Nc3 27.Nf4 Bf7 28.Re7 Rd8 29.Nf3 a5
30.g5 Nc5 31.g6 Be8 32.Nh5 Kf8 33.Rxg7 Ne2+ 34.Kh2 Nf4 35.Nxf4 Kxg7 36.Ne5 Kf6
37.Ng4+ Kg7 38.Ne5 Rd6 39.Nh5+ Kg8 40.Nf4 Nxb3 41.h4 Nc5 42.Ng4 Kg7 43.h5 a4
44.Ne3 a3 45.Nf5+ Kf8 46.g7+ Kg8 47.Nxd6 a2 48.Nxe8 a1=Q 49.Ng6 Qe1 50.Nd6 Kxg7
51.Nf5+ Kh7 52.Ng3 Qf2 53.Kh3 Ne6 54.Be4 Ng5+ 55.Kg4 Nxe4 56.Nxe4 Qe2+ 57.Kf4 Qxc4
58.Kf5 Kg7 59.Nf4 Qc2 60.Ke5 b5 61.Ne6+ Kf7 62.Nd6+ Ke7 63.Nf5+ Kd7 64.Nf8+ Kc7
65.Ne6+ Kb6 66.Nxh6 b4 67.Nf5 b3 68.Ne3 Qc3+ 69.Ke4 b2 70.Nf4  0-1

[Event "Bundesliga 8081"]
[Site "Germany"]
[Date "1981.??.??"]
[Round "?"]
[White "Bockius, Albert"]
[Black "Bialas, Wolfram"]
[Result "1/2-1/2"]
[WhiteElo "2235"]
[BlackElo "2365"]

1.Nf3 d5 2.g3 Nf6 3.Bg2 c6 4.O-O Bf5 5.d3 e6 6.Nbd2 h6 7.Qe1 Be7 8.e4 Bh7
9.Qe2 O-O 10.b3 a5 11.a3 Nbd7 12.e5 Ne8 13.Kh1 Nc7 14.Bb2 c5 15.a4 b5 16.axb5 Nxb5
17.c4 dxc4 18.bxc4 Na7 19.Ne1 Qb6 20.Bxa8 Rxa8 21.Bc3 Nc6 22.Nc2 Nb4 23.Ne4 Qc6
24.f3 Nb6 25.Rfb1 Bg6 26.Kg2 Na4 27.Be1 Rd8 28.Ra3 Qd7 29.Rba1 Nb2 30.Nxb4 cxb4
31.Rxa5 Nxd3 32.Ra7 Qe8 33.Rd1 Nxe5 34.Rxd8 Qxd8 35.c5 Nc6 36.Rb7 Qd4 37.Qd2 Qc4
38.Rxe7 Nxe7 39.Qd8+ Kh7 40.Qxe7 Bxe4 41.fxe4 Qxe4+ 42.Kf1 b3 43.Bc3 Qf3+
44.Kg1 Qxc3  1/2-1/2

[Event "Bundesliga 8081"]
[Site "Germany"]
[Date "1981.??.??"]
[Round "?"]
[White "Podzielny, Karl Heinz"]
[Black "Lieb, Harald"]
[Result "1-0"]
[WhiteElo "2385"]
[BlackElo "2285"]

1.Nf3 d5 2.g3 c6 3.Bg2 Bg4 4.O-O Nd7 5.d3 Ngf6 6.Nbd2 e6 7.b3 Bd6 8.Bb2 O-O
9.c4 a5 10.a3 Re8 11.Ra2 Qe7 12.Re1 h6 13.Qa1 e5 14.h3 Bh5 15.Nh4 Qe6 16.cxd5 cxd5
17.e4 d4 18.Qb1 Nc5 19.Ba1 Nfd7 20.Nf5 Bf8 21.g4 Bg6 22.f4 f6 23.Nxh6+ gxh6
24.f5 Qa6 25.fxg6 Qxd3 26.Qd1 Qg3 27.Rf1 Qe3+ 28.Kh1 Qg5 29.Rf5 Qxg6 30.Bf1 Nb6
31.Qf3 Kg7 32.Nc4 Nc8 33.Rf2 Be7 34.h4 Rf8 35.Nxe5 Qe8 36.Nc4 Qc6 37.Bg2 Nd6
38.Nxd6 Qxd6 39.Rd5 Qe6 40.Bxd4 Nd7 41.g5 Ne5 42.gxf6+ Bxf6 43.Qg3+ Kh7 44.Rxf6 Qxf6
45.Bxe5 Qf7 46.Bh3 Qf3+ 47.Qxf3 Rxf3 48.Rd7+ Kg8 49.Be6+ Kf8 50.Bd6+  1-0

[Event "Bundesliga 8081"]
[Site "Germany"]
[Date "1981.??.??"]
[Round "?"]
[White "Podzielny, Karl Heinz"]
[Black "Heidrich, Manfred"]
[Result "1-0"]
[WhiteElo "2375"]
[BlackElo "2230"]

1.Nf3 d5 2.g3 Nf6 3.Bg2 c5 4.O-O Nc6 5.c4 e6 6.d4 Be7 7.cxd5 exd5 8.dxc5 Bxc5
9.Nc3 d4 10.Na4 Be7 11.b3 O-O 12.Bb2 d3 13.exd3 Bf5 14.d4 Nd5 15.Ne5 Ncb4
16.a3 Na6 17.Nc5 Bxc5 18.dxc5 Nac7 19.Nc4 b6 20.cxb6 axb6 21.Qd4 f6 22.Rad1 Be6
23.Rfe1 Bf7 24.Qh4 Re8 25.Re4 Kh8 26.Nxb6 Nxb6 27.Rxd8 Raxd8 28.Rxe8+ Nxe8
29.Be4 h6 30.Bc2 Kg8 31.Qe4 Nd6 32.Qh7+ Kf8 33.Bxf6 gxf6 34.Qxh6+ Kg8 35.Bh7+ Kh8
36.Qxf6+ Kxh7 37.Qxd8 Nbc8 38.b4 Be8 39.Qc7+ Kg6 40.Qc2+ Kf6 41.a4 Nb6 42.Qc5 Nbc4
43.b5 Ke7 44.b6  1-0

[Event "Bundesliga 8081"]
[Site "Germany"]
[Date "1981.??.??"]
[Round "?"]
[White "Nautsch, Werner"]
[Black "Podzielny, Karl Heinz"]
[Result "1/2-1/2"]
[WhiteElo "2340"]
[BlackElo "2385"]

1.Nf3 d5 2.g3 Nf6 3.Bg2 Bf5 4.O-O e6 5.d3 Be7 6.c4 c6 7.b3 O-O 8.Bb2 a5 9.Nbd2 h6
10.Re1 a4 11.e4 dxe4 12.dxe4 Bh7 13.e5 Nfd7 14.Ne4 Bxe4 15.Rxe4 Nc5 16.Re3 axb3
17.axb3 Qxd1+ 18.Rxd1  1/2-1/2

[Event "Haderslev op"]
[Site "Haderslev"]
[Date "1981.??.??"]
[Round "7"]
[White "Agdestein, Espen"]
[Black "Flueckiger, Christian"]
[Result "1-0"]
[WhiteElo "2200"]
[BlackElo "2200"]

1.Nf3 d5 2.g3 c5 3.Bg2 Nc6 4.O-O Nf6 5.d3 e6 6.Nbd2 Be7 7.e4 b6 8.Re1 Bb7
9.e5 Nd7 10.c4 dxc4 11.Nxc4 b5 12.Ncd2 Qc7 13.Ne4 Nb6 14.Be3 Nb4 15.a3 N4d5
16.Bxc5 Bxc5 17.Rc1 Bxf2+ 18.Kxf2 Qd7 19.Nd6+ Ke7 20.Kg1 Nc8 21.Ne4 Kf8 22.Qe2 Ncb6
23.Rf1 h6 24.Nh4 Kg8 25.Nd6 Rf8 26.Qf2 Kh7 27.Be4+ g6 28.Nxf7 Rhg8 29.Nxg6 Rxg6
30.Ng5+ hxg5 31.Qxf8 Nf4 32.Bxg6+ Kxg6 33.gxf4 Qd5 34.Qg8+ Kh6 35.fxg5+ Kh5
36.Qh7+ Kxg5 37.Qe4 Qxe4 38.dxe4 Nc4 39.Rxc4 bxc4 40.Rf6  1-0

[Event "Hamburg op"]
[Site "Hamburg"]
[Date "1981.??.??"]
[Round "4"]
[White "Kirov, Nino"]
[Black "Bockius, Albert"]
[Result "1/2-1/2"]
[WhiteElo "2430"]
[BlackElo "2240"]

1.Nf3 d5 2.g3 Nf6 3.Bg2 Bf5 4.c4 e6 5.cxd5 exd5 6.O-O Be7 7.Nc3 O-O 8.Qb3 Na6
9.d3 Nc5 10.Qc2 c6 11.Nh4 Bc8 12.Rd1 Be6 13.e4 Qc8 14.b4 Na6 15.a3 Rd8 16.Nf3 c5
17.b5 Nc7 18.a4 Bh3 19.Nh4 Bxg2 20.Kxg2 Ne6 21.Nf5 Bf8 22.Qb3 c4 23.dxc4 Nc5
24.Qc2 Nfxe4 25.Nd4 Nxc3 26.Qxc3 Ne4 27.Qf3 Qxc4 28.Bb2 Qc8 29.Rac1 Qd7 30.Nf5 g6
31.Ne3 Qe6 32.Rc7 Rab8  1/2-1/2

[Event "Hamburg op"]
[Site "Hamburg"]
[Date "1981.??.??"]
[Round "6"]
[White "Akesson, Ralf"]
[Black "Borkowski, Franciszek"]
[Result "0-1"]
[WhiteElo "2390"]
[BlackElo "2375"]

1.Nf3 d5 2.g3 g6 3.Bg2 Bg7 4.O-O Nf6 5.d3 O-O 6.Nbd2 c6 7.a4 Nbd7 8.e4 dxe4
9.dxe4 Nc5 10.Qe2 Qc7 11.a5 Bd7 12.Re1 Rad8 13.h3 Bc8 14.e5 Nd5 15.Qc4 Nd7
16.e6 fxe6 17.Qh4 Ne5 18.Nxe5 Bxe5 19.Nf3 Bf6 20.Ng5 Rf7 21.Qa4 Bxg5 22.Bxg5 c5
23.Rad1 Nb4 24.Rxd8+ Qxd8 25.c3 Nd5 26.c4 Bd7 27.Qd1 Nf6 28.a6 bxa6 29.Rxe6 Qc8
30.Re5 Bxh3 31.Bxh3 Qxh3 32.Rxc5 Ng4 33.Qd8+ Kg7 34.Qd4+ e5 35.Bf6+ Rxf6
36.Rc7+ Kh6 37.Qd2+ g5  0-1

[Event "Hamburg op"]
[Site "Hamburg"]
[Date "1981.??.??"]
[Round "9"]
[White "Bockius, Albert"]
[Black "Velikov, Petar"]
[Result "0-1"]
[WhiteElo "2240"]
[BlackElo "2460"]

1.Nf3 d5 2.g3 Nf6 3.Bg2 Bf5 4.O-O e6 5.d3 Be7 6.Nbd2 h6 7.Qe1 O-O 8.e4 Bh7
9.Qe2 c5 10.Ne5 Nbd7 11.Nxd7 Qxd7 12.e5 Ne8 13.f4 Nc7 14.Nf3 Rac8 15.Rf2 b5
16.Bh3 d4 17.g4 Nd5 18.Rg2 c4 19.f5 cxd3 20.cxd3 Rxc1+ 21.Rxc1 Nf4 22.Qd2 Nxh3+
23.Kh1 exf5 24.gxf5 Qxf5 25.Qxh6 Bg6 26.Nxd4 Qxd3  0-1

[Event "Hastings8182"]
[Site "Hastings"]
[Date "1981.??.??"]
[Round "2"]
[White "Szabo, Laszlo"]
[Black "Short, Nigel D"]
[Result "1-0"]
[WhiteElo "2510"]
[BlackElo "2440"]

1.Nf3 d5 2.g3 Nf6 3.Bg2 c6 4.c4 dxc4 5.Na3 Qd5 6.O-O e5 7.Ng5 e4 8.d3 Bxa3
9.bxa3 cxd3 10.exd3 Qxd3 11.Nxe4 Qxd1 12.Nxf6+ gxf6 13.Rxd1 Be6 14.Rb1 b6
15.Bb2 Ke7 16.Rbc1 Rc8 17.a4 Bxa2 18.Ba3+ Ke8 19.Re1+ Be6 20.f4 Kd8 21.Bd6 a6
22.g4 Bxg4 23.Re7 Be6 24.f5 Bb3 25.Rce1 a5 26.R1e3 Bc4 27.Rg3  1-0

[Event "Helsinki"]
[Site "Helsinki"]
[Date "1981.??.??"]
[Round "1"]
[White "Sznapik, Aleksander"]
[Black "Hurme, Harri M"]
[Result "1/2-1/2"]
[WhiteElo "2450"]
[BlackElo "2355"]

1.Nf3 d5 2.g3 c6 3.Bg2 Nd7 4.O-O Ngf6 5.d3 e6 6.Nbd2 Be7 7.e4 O-O 8.e5 Ng4
9.Qe2 Kh8 10.Nb3 f5 11.exf6 Bxf6 12.Nfd4 Nde5 13.f4 Nf7 14.Qxg4 Qb6 15.Kh1 Bxd4
16.f5 Bf6 17.fxe6 Nd8 18.Rxf6 gxf6 19.Bh6 Nxe6 20.Bxf8 Nxf8 21.Qf4 Qd8 22.Re1 Kg7
23.h4 Ng6 24.Qe3 Ne5 25.d4 Nf7 26.Nc5 Qd6 27.Rf1 b6 28.Nd3 Ba6 29.Rf4 Bxd3
30.Qxd3 Re8 31.c4 dxc4 32.Qxc4 c5 33.dxc5 Re1+ 34.Kh2 bxc5 35.Rg4+ Kf8 36.Qc2 Ne5
37.Rf4 Kg7 38.h5 h6 39.Qb3 Re2 40.Qb7+ Qd7 41.Qxd7+ Nxd7 42.Ra4 Ne5 43.Rxa7+ Kf8
44.b3 Nf3+ 45.Kh3 Ng5+ 46.Kh2  1/2-1/2

[Event "Hradec Kralove"]
[Site "Hradec Kralove"]
[Date "1981.??.??"]
[Round "13"]
[White "Smejkal, Jan"]
[Black "Palatnik, Semon"]
[Result "1-0"]
[WhiteElo "2540"]
[BlackElo "2490"]

1.Nf3 d5 2.g3 Nf6 3.Bg2 c6 4.O-O Bg4 5.d3 Nbd7 6.Nbd2 e5 7.e4 Bd6 8.h3 Bxf3
9.Nxf3 O-O 10.Re1 Re8 11.c3 a5 12.Qc2 Qc7 13.Bd2 Bf8 14.Re2 dxe4 15.dxe4 b5
16.Bf1 Nc5 17.b4 Ne6 18.Ree1 axb4 19.cxb4 Ra3 20.Bc3 Nd7 21.Qb2 Rea8 22.Nxe5 Nxe5
23.Bxe5 Qa7 24.Rec1 f6 25.Rxc6 Ng5 26.Bf4 Nxe4 27.Bxb5 Nxg3 28.Qd2 Kh8 29.Qd5 Bxb4
30.Rac1 Rxa2 31.Bxg3 Ra1 32.Rxa1 Qxa1+ 33.Kg2 Qa5 34.Ra6  1-0

[Event "Keszthely"]
[Site "Keszthely"]
[Date "1981.??.??"]
[Round "6"]
[White "Plachetka, Jan"]
[Black "Herzog, Adolf"]
[Result "1-0"]
[WhiteElo "2425"]
[BlackElo "2355"]

1.Nf3 d5 2.g3 g6 3.Bg2 Bg7 4.O-O e5 5.d3 Ne7 6.e4 dxe4 7.dxe4 Qxd1 8.Rxd1 Nbc6
9.c3 f6 10.Be3 Be6 11.Bf1 Kf7 12.Na3 Rhd8 13.Bc4 a6 14.b4 Bxc4 15.Nxc4 Rxd1+
16.Rxd1 Rd8 17.Rxd8 Nxd8 18.Nfd2 Nc8 19.Kf1 Bf8 20.Ke2 Nd6 21.Kd3 Nxc4 22.Nxc4 Ke6
23.f3 Nf7 24.Na5 Nd8 25.Nb3 Bd6 26.Bd2 Nc6 27.a3 Nd8 28.c4 Kd7 29.c5 Be7
30.Be3 c6 31.Na5 Kc8 32.Nc4 Nf7 33.Bd2 Bd8 34.f4 Kd7 35.Bc3 Bc7 36.Ke3 Ke6
37.Kf3 Kd7 38.Ne3 Ke7 39.h4 Bb8 40.f5 g5 41.Kg4 gxh4 42.gxh4 Nh6+ 43.Kh5 Ng8
44.Nc4 Bc7 45.Bd2 Kf7 46.a4 Ke7 47.Be3 Kd7 48.Kg4 Bd8 49.Kf3 Be7 50.Ke2 Bf8
51.Kd3 Bh6 52.Bxh6 Nxh6 53.Ne3 Ke7 54.Kc4 Kd7 55.b5 axb5+ 56.axb5 Kc7 57.Kb4 Ng8
58.Nc4 Ne7 59.Nd6 Ng8 60.b6+ Kb8 61.Ne8 Kc8 62.Kc4 Kb8 63.Kd3 Kc8 64.Ke3 Kb8
65.Kf3 Kc8 66.Kg3 Kb8 67.Kg4 Nh6+ 68.Kh5 Ng8 69.Nd6 Ka8 70.Nf7 Kb8 71.Ng5  1-0

[Event "Lone Pine op"]
[Site "Lone Pine"]
[Date "1981.??.??"]
[Round "?"]
[White "Christiansen, Larry Mark"]
[Black "Jussupow, Artur"]
[Result "1/2-1/2"]
[WhiteElo "2515"]
[BlackElo "2575"]

1.Nf3 d5 2.g3 Nf6 3.Bg2 Bf5 4.O-O e6 5.b3 h6 6.Bb2 Be7 7.c4 O-O 8.Nc3 c6
9.d3 Nbd7 10.Qc2 Bh7 11.Rac1 Rc8 12.a3 a5 13.Na2 Bd6 14.cxd5 exd5  1/2-1/2

[Event "Lone Pine op"]
[Site "Lone Pine"]
[Date "1981.??.??"]
[Round "?"]
[White "Gutman, Lev"]
[Black "Kogan, Boris"]
[Result "1/2-1/2"]
[WhiteElo "2450"]
[BlackElo "2430"]

1.Nf3 d5 2.g3 g6 3.Bg2 Bg7 4.d4 Nf6 5.O-O c6 6.Bf4 Qb6 7.Qc1 O-O 8.c4 dxc4
9.Nbd2 Be6 10.e4 Na6 11.Ng5 Bg4 12.h3 Be2 13.Re1 Bd3 14.Ngf3 Nb4 15.Nxc4 Qa6
16.Nce5 Bxe4 17.Bf1 Qb6 18.Rxe4 Nxe4 19.Nd7 Qd8 20.Nxf8 Kxf8 21.Qe1 Nc2 22.Qxe4 Nxa1
23.Bc4 e6 24.Qb1 Bxd4 25.Qxa1 Bg7 26.Qc1 Qf6 27.Ne5 Kg8 28.h4 Qe7 29.Qe3 a6
30.Bb3 Re8 31.h5 gxh5 32.Qe2 h4 33.Qg4 hxg3 34.Qxg3 Kh8 35.Qh3 Kg8 36.Bc2 f5
37.Qh5 Rf8 38.Bb3 c5 39.Qe2 Rf6 40.Nf3 Rg6+ 41.Kf1 b5 42.Ne5 Qb7 43.f3 Bxe5
44.Bxe5 c4 45.Bc2 Qd5 46.Qe3 h5 47.Qf4 c3 48.Bxc3 Qc4+ 49.Qxc4 bxc4 50.Be1 Kf7
51.b3 c3 52.b4 Ke7 53.Bxc3 h4 54.Be5 h3 55.Bd3 Rg2 56.Be2 f4 57.Bxf4 Kf6
58.Bxa6 e5 59.Bc8 exf4 60.Bxh3 Rxa2 61.Bd7 Ke5 62.b5 Rb2 63.Bc6 Kd4 64.Bd7 Kd3
65.Bc6 Rb3 66.Kg2 Ke2 67.Kh3 Ke3 68.Kg4 Rc3 69.Be4 Rb3 70.Bc6  1/2-1/2

[Event "Lone Pine op"]
[Site "Lone Pine"]
[Date "1981.??.??"]
[Round "?"]
[White "Benjamin, Joel"]
[Black "Bisguier, Arthur Bernard"]
[Result "0-1"]
[WhiteElo "2400"]
[BlackElo "2440"]

1.g3 d5 2.Nf3 Nc6 3.Bg2 e5 4.d3 g6 5.O-O Bg7 6.c3 Nge7 7.e4 O-O 8.Nbd2 b6
9.Re1 Bb7 10.exd5 Nxd5 11.Nc4 Re8 12.Qb3 Qd7 13.Bd2 Rad8 14.a4 a5 15.Rad1 h6
16.Bc1 Qc8 17.Re2 Kh7 18.h4 f6 19.Qc2 h5 20.Nfd2 Ndb4 21.cxb4 Nd4 22.Ne4 Nxc2
23.Rxc2 Bxe4 24.Bxe4 axb4 25.Nxb6 Qa6  0-1

[Event "Lone Pine op"]
[Site "Lone Pine"]
[Date "1981.??.??"]
[Round "?"]
[White "Romanishin, Oleg M"]
[Black "Larsen, Bent"]
[Result "1/2-1/2"]
[WhiteElo "2595"]
[BlackElo "2610"]

1.Nf3 d5 2.g3 c6 3.Bg2 Bg4 4.c4 e6 5.O-O Nf6 6.Ne5 Bh5 7.d4 Nbd7 8.Nc3 Be7
9.Qb3 Qb6 10.Nxd7 Nxd7 11.e4 dxe4 12.Nxe4 O-O 13.Qc3 Nf6 14.Be3 Qc7 15.Qb3 Nxe4
16.Bxe4 Bf6 17.d5 Qe5 18.Bg2 cxd5 19.cxd5 exd5 20.Bxd5 Rad8 21.Bxb7 Qxb2
22.Rab1 Qxb3 23.Rxb3 Bd4 24.Rc1 Bxe3 25.Rxe3 Rd7 26.Bc8 Rd1+ 27.Rxd1 Bxd1
28.Bb7 Rb8 29.Re7 Kf8 30.Rc7  1/2-1/2

[Event "Lvov"]
[Site "Lvov"]
[Date "1981.??.??"]
[Round "12"]
[White "Cabrilo, Goran"]
[Black "Petrosian, Arshak B"]
[Result "1/2-1/2"]
[WhiteElo "2425"]
[BlackElo "2495"]

1.Nf3 d5 2.g3 Nf6 3.Bg2 Bf5 4.c4 e6 5.O-O c6 6.b3 Be7 7.Bb2 O-O 8.d3 h6 9.Nbd2 Nbd7
10.Qc2 a5 11.a3 Re8 12.Bc3 Bf8 13.Ne5 Nxe5 14.Bxe5 Bh7 15.Qb2 Ng4 16.Bc3 Nf6  1/2-1/2

[Event "Malaga"]
[Site "Malaga"]
[Date "1981.??.??"]
[Round "4"]
[White "Csom, Istvan"]
[Black "Calvo Minguez, Ricardo"]
[Result "1/2-1/2"]
[WhiteElo "2500"]
[BlackElo "2410"]

1.Nf3 d5 2.g3 c6 3.Bg2 Bf5 4.d3 e6 5.Nbd2 Nf6 6.b3 Nbd7 7.Bb2 h6 8.O-O Bc5
9.e4 Bh7 10.Qe2 O-O 11.Kh1 dxe4 12.dxe4 Qb6 13.Ne1 a5 14.Nd3 Qa6 15.c4 Be7
16.e5 Bxd3 17.Qxd3 Nc5 18.Qe2 Nfd7 19.Bc3 Rad8 20.Rfd1 Qb6 21.Rab1 Qc7 22.f4 Rfe8
23.h4 f5 24.exf6 Bxf6 25.Bxf6 Nxf6 26.Ne4 Ncxe4 27.Bxe4 Nxe4 28.Qxe4 Qf7
29.Kg2 Qf6 30.Qe2 Qf5 31.Rxd8 Rxd8 32.Rd1 Rxd1  1/2-1/2

[Event "America-Europe"]
[Site "Mar del Plata"]
[Date "1981.??.??"]
[Round "7"]
[White "Quinteros, Miguel A"]
[Black "Larsen, Bent"]
[Result "1-0"]
[WhiteElo "2505"]
[BlackElo "2610"]

1.Nf3 d5 2.g3 Nc6 3.c4 d4 4.Bg2 e5 5.O-O Nf6 6.d3 Bd6 7.Na3 Bxa3 8.bxa3 O-O
9.Rb1 Rb8 10.Nd2 Bd7 11.Nb3 Qe7 12.e3 dxe3 13.fxe3 Rfe8 14.h3 Nd8 15.d4 Bc6
16.d5 Ba4 17.e4 Nd7 18.Qe1 b6 19.Qb4 Qxb4 20.axb4 Nb7 21.Be3 Nd6 22.Rbc1 Rec8
23.c5 Nb5 24.Nd2 Na3 25.c6 Nf8 26.Nb1 Nxb1 27.Rxb1 a6 28.Rf2 Rd8 29.Bf1 Bb5
30.a4 Bxf1 31.Rbxf1 f6 32.g4 h6 33.h4 Nh7 34.g5 hxg5 35.hxg5 b5 36.a5 fxg5
37.Rf7 Rbc8 38.Bb6 cxb6 39.axb6 Nf6 40.R1xf6 gxf6 41.Ra7 Kf8 42.b7 Rb8 43.c7 Ke7
44.d6+  1-0

[Event "Montreal zt"]
[Site "Montreal"]
[Date "1981.??.??"]
[Round "?"]
[White "Pelts, Roman"]
[Black "Hebert, Jean"]
[Result "1/2-1/2"]
[WhiteElo "2435"]
[BlackElo "2405"]

1.Nf3 d5 2.g3 c5 3.Bg2 Nc6 4.d4 e6 5.O-O cxd4 6.Nxd4 Bc5 7.Nb3 Bb6 8.c4 Nge7
9.cxd5 Nxd5 10.N1d2 O-O 11.Nc4 Bc7 12.Ne3 Nce7 13.Nxd5 Nxd5 14.e4 Nb4 15.Bd2 Qe7
16.a3 Nc6 17.Rc1 Rd8 18.Qe2 e5 19.Be3 Be6 20.Nc5 Bb6 21.Nxe6 Qxe6 22.Bxb6 axb6
23.Qe3 Rd4 24.Rfe1 Rad8 25.Bf1 g6 26.b3 Na5 27.Rc3 Rc8 28.Rec1 Rxc3 29.Rxc3 Kg7
30.Kg2 h5 31.h4 Nc6  1/2-1/2

[Event "Moscow-4teams"]
[Site "Moscow"]
[Date "1981.??.??"]
[Round "?"]
[White "Gufeld, Eduard"]
[Black "Balashov, Yuri S"]
[Result "1/2-1/2"]
[WhiteElo "2515"]
[BlackElo "2600"]

1.Nf3 d5 2.g3 g6 3.Bg2 Bg7 4.O-O Nf6 5.d3 O-O 6.Nbd2 Nc6 7.e4 e5 8.c3 a5
9.Re1 h6 10.Qc2 Re8 11.b3 Be6 12.Bb2 Qd7 13.a3 Bh3 14.b4 Bxg2 15.Kxg2 Nh5
16.exd5 Qxd5 17.c4 Qd7 18.b5 Nd4 19.Nxd4 exd4 20.h3 Nf6 21.Nf3 Nh7 22.a4 c5
23.Qd2 b6 24.Rxe8+ Rxe8 25.Re1 Nf8 26.Rxe8 Qxe8  1/2-1/2

[Event "Nis"]
[Site "Nis"]
[Date "1981.??.??"]
[Round "6"]
[White "Tringov, Georgi P"]
[Black "Djukic, Zeljko"]
[Result "1/2-1/2"]
[WhiteElo "2470"]
[BlackElo "2380"]

1.Nf3 d5 2.g3 Nf6 3.Bg2 c6 4.O-O Bg4 5.h3 Bxf3 6.Bxf3 e5 7.d3 Nbd7 8.Nd2 Bc5
9.c3 a5 10.Qc2 O-O 11.b3 Re8 12.a3 Qe7 13.e4 d4 14.c4 b5 15.Be2 Bd6 16.Kg2 h6
17.f4 b4 18.Nf3 bxa3 19.fxe5 Bxe5 20.Rxa3 Bd6 21.Ra2 Nh5 22.g4 Nf4+ 23.Bxf4 Bxf4
24.Nxd4 Bc7 25.Nf3 Qd6 26.e5 Nxe5 27.Kh1 Ng6 28.Bd1 Nf4 29.d4 Nxh3 30.c5 Qd5
31.Qf5 Nf4 32.Qxd5 Nxd5 33.Re2 Nc3 34.Rxe8+ Rxe8 35.Bc2 Re3 36.Re1 Rxe1+
37.Nxe1 Kf8 38.Kg2 Ke7 39.Kf3 g6 40.Bd3 h5 41.gxh5 gxh5 42.Nc2 Kf6 43.Ne3  1/2-1/2

[Event "Novi Sad"]
[Site "Novi Sad"]
[Date "1981.??.??"]
[Round "1"]
[White "Simic, Radoslav"]
[Black "Kirov, Nino"]
[Result "1-0"]
[WhiteElo "2440"]
[BlackElo "2475"]

1.g3 d5 2.Nf3 c6 3.b3 a5 4.a4 Bg4 5.Bg2 Nd7 6.Bb2 Ngf6 7.O-O e6 8.d3 Bb4
9.Nbd2 O-O 10.h3 Bh5 11.Ne5 Nxe5 12.Bxe5 Nd7 13.Bb2 e5 14.g4 Bg6 15.e4 dxe4
16.dxe4 Nf6 17.c3 Be7 18.Qe2 h5 19.Rfd1 hxg4 20.hxg4 Qc8 21.Bf3 Nh7 22.Nc4 Qe6
23.Bc1 Bg5 24.Rd6 Qe7 25.Ba3 Qc7 26.Rad1 Rfd8 27.Nxe5 Be7 28.Rxd8+ Rxd8 29.Bxe7 Rxd1+
30.Qxd1 Qxe7 31.Nxg6 fxg6 32.Qd4 Ng5 33.Bg2 Nf7 34.Qa7 Qc7 35.Qe3 g5 36.Bf1 Ne5
37.Bc4+ Kh7 38.Qh3+ Kg6 39.f4 gxf4 40.Qh5+ Kf6 41.Qf5+ Ke7 42.Qe6+ Kd8 43.Qg8+ Kd7
44.Qxg7+ Kd8 45.Qf8+ Kd7 46.Qf5+ Ke7 47.Qxf4 Qb6+ 48.Kg2 Nxc4 49.bxc4 Qb2+
50.Qf2 Qxc3 51.Qc5+ Ke6 52.Qf5+ Ke7 53.Qh7+ Kd6 54.Qh6+ Ke7 55.Qg5+ Kf7 56.Qf4+ Ke6
57.e5 Qc2+ 58.Kg3 Qd3+ 59.Kh4 Qh7+ 60.Kg5 Qg8+ 61.Kh5 Qe8+ 62.Kh4 Qh8+ 63.Kg3 b5
64.Qf5+ Ke7 65.cxb5 cxb5 66.axb5  1-0

[Event "Novi Sad"]
[Site "Novi Sad"]
[Date "1981.??.??"]
[Round "8"]
[White "Kirov, Nino"]
[Black "Lengyel, Levente"]
[Result "1/2-1/2"]
[WhiteElo "2475"]
[BlackElo "2410"]

1.Nf3 d5 2.g3 Nf6 3.Bg2 e6 4.O-O Be7 5.d4 O-O 6.c4 dxc4 7.Qc2 a6 8.a4 Bd7
9.Rd1 Bc6 10.Nc3 Bxf3 11.Bxf3 Nc6 12.Bxc6 bxc6 13.a5 Rb8 14.Qa4 Bb4 15.Na2 Qd6
16.Bf4 Qe7 17.Bg5 Rb5 18.Bxf6 gxf6 19.Nc3 Bxc3 20.bxc3 Qd6 21.e4 f5 22.exf5 exf5
23.Qxc4 Re8 24.Qd3 f4 25.c4 Rh5 26.c5 Qh6 27.Re1 Rxe1+ 28.Rxe1 fxg3 29.fxg3 Rxh2
30.Qf3 Ra2 31.Qg4+ Kf8 32.Qc8+ Kg7 33.Qg4+ Qg6 34.Qxg6+ hxg6 35.Re7 Rxa5
36.Kf2 Kf6 37.Rxc7 Kf5 38.Rxf7+ Ke4 39.Rf4+ Kd5 40.Kf3 Ra3+ 41.Kf2 Rd3 42.Rg4 Rxd4
43.Rxg6 Kxc5 44.Ke3 Rd8 45.Rg5+ Kb6 46.Rf5 a5 47.Rf4 Kb5 48.Rf7 Kb6 49.Rf4 Kb5
50.Rf7 Rg8 51.Rf3 Rd8 52.Rf7  1/2-1/2

[Event "US op"]
[Site "Palo Alto"]
[Date "1981.??.??"]
[Round "9"]
[White "Kastner, Jeffrey"]
[Black "Root, Douglas"]
[Result "1/2-1/2"]
[WhiteElo "2344"]
[BlackElo "2443"]

1.Nf3 d5 2.g3 Nf6 3.Bg2 e6 4.O-O Be7 5.c4 O-O 6.b3 a5 7.a3 c5 8.cxd5 exd5
9.d4 Ne4 10.Bb2 Nc6 11.dxc5 Bxc5 12.Nc3 Nxc3 13.Bxc3 d4 14.Bb2 Bf5 15.b4 axb4
16.axb4 Qb6 17.Nh4 Bg4 18.h3 Qxb4 19.hxg4 Qxb2 20.Rb1 Qa2 21.Rxb7 Ne5 22.Nf5 Rac8  1/2-1/2

[Event "Pamporovo"]
[Site "Pamporovo"]
[Date "1981.??.??"]
[Round "2"]
[White "Spassov, Liuben"]
[Black "Djuric, Stefan"]
[Result "0-1"]
[WhiteElo "2460"]
[BlackElo "2435"]

1.Nf3 d5 2.g3 c5 3.Bg2 Nc6 4.O-O e5 5.c4 Be6 6.Na3 f6 7.d3 d4 8.Nc2 Qd7 9.a3 Bh3
10.Rb1 a5 11.Bxh3 Qxh3 12.b4 axb4 13.axb4 cxb4 14.Bd2 Nh6 15.Bxh6 Qxh6 16.e3 dxe3
17.Nxe3 Bc5 18.d4 Rd8 19.Qe1 Qh5 20.Qe2 e4 21.Nd5 Qxf3 22.Qxf3 exf3 23.dxc5 Kf7
24.Rb3 Rhe8 25.Rxf3 Re4 26.Rf4 Rxf4 27.gxf4 b3 28.Rb1 Nd4 29.Kf1 Ra8 30.Nc3 Ra3
31.Nb5 Nxb5 32.cxb5 Ke6 33.c6 bxc6 34.bxc6 Kd6 35.Ke2 Kxc6 36.Kd3 Kd5 37.Re1 b2+
38.Kc2 Ra1  0-1

[Event "Pamporovo"]
[Site "Pamporovo"]
[Date "1981.??.??"]
[Round "7"]
[White "Kirov, Nino"]
[Black "Lukacs, Peter"]
[Result "1-0"]
[WhiteElo "2475"]
[BlackElo "2465"]

1.Nf3 d5 2.g3 c6 3.Bg2 Bg4 4.c4 e6 5.Ne5 Bh5 6.cxd5 exd5 7.O-O Bd6 8.d4 Ne7
9.Nc3 O-O 10.Bf4 Na6 11.Qb3 Rb8 12.Bh3 Ng6 13.Nxg6 Bxg6 14.Bxd6 Qxd6 15.Qa4 Ra8
16.Rfd1 f5 17.e3 Bh5 18.Rd2 Bf3 19.b4 Nxb4 20.a3 Na6 21.Rb2 Rab8 22.Rab1 Qc7
23.Bf1 Be4 24.Nxe4 fxe4 25.Bxa6 bxa6 26.Rxb8 Rxb8 27.Rxb8+ Qxb8 28.Qxc6 Qb5
29.Qa8+ Kf7 30.Qxa7+ Kg6 31.h4 h5 32.Qe7 Kh7 33.Qf7 Kh6 34.Qf4+  1-0

[Event "Pernik"]
[Site "Pernik"]
[Date "1981.??.??"]
[Round "2"]
[White "Kirov, Nino"]
[Black "Makropoulos, Georgios"]
[Result "0-1"]
[WhiteElo "2475"]
[BlackElo "2485"]

1.Nf3 d5 2.g3 e6 3.Bg2 c5 4.O-O Nc6 5.d4 Nf6 6.c4 Be7 7.cxd5 exd5 8.Nc3 O-O
9.Bg5 cxd4 10.Nxd4 h6 11.Be3 Re8 12.Qa4 Na5 13.Rad1 Nc4 14.Bc1 Bd7 15.Qc2 Rc8
16.Qb1 Nb6 17.e4 Bb4 18.Nxd5 Nfxd5 19.exd5 Bg4 20.Nf3 Qf6 21.Qd3 Rc4 22.Qb3 Bd7
23.d6 Ba4 24.d7 Rd8 25.Qe3 Bxd1 26.Qe8+ Bf8 27.Rxd1 Rxd7 28.Rf1 Rc8 29.Qe2 Bc5
30.Bf4 Re7 31.Qd3 Qxb2 32.Qf5 Qxa2 33.Nh4 Re1 34.Be5 Rxf1+ 35.Bxf1 Qe6 36.Qf4 g5
37.Qe4 gxh4 38.Bd3 f5  0-1

[Event "Porz"]
[Site "Porz"]
[Date "1981.??.??"]
[Round "?"]
[White "Gerusel, Mathias"]
[Black "Schmidt, Bodo"]
[Result "1-0"]
[WhiteElo "2380"]
[BlackElo "2360"]

1.Nf3 d5 2.g3 c6 3.b3 Bg4 4.Bg2 Nd7 5.Bb2 e6 6.d3 Ngf6 7.Nbd2 a5 8.a3 Bc5
9.O-O O-O 10.c4 Qe7 11.Qc2 Rfe8 12.h3 Bh5 13.e4 dxe4 14.dxe4 e5 15.Nh4 Nf8
16.Nf5 Qc7 17.Bc3 Ne6 18.b4 axb4 19.axb4 Rxa1 20.Rxa1 Bd4 21.c5 Rd8 22.Nc4 Be2
23.Ncd6 Ba6 24.Rd1 Bxc3 25.Qxc3 Nd7 26.Qf3 Ndf8 27.Qg4 Kh8 28.h4 f6 29.h5 Rd7
30.Ra1 Rd8 31.Kh2 Ra8 32.Ra2 Rb8 33.Qd1 g6 34.Nh6 Nd4 35.f4 Kg7 36.fxe5 fxe5
37.Qd2 Nfe6 38.Nhf7 g5 39.Nxg5 Qe7 40.Nxe6+ Qxe6 41.Qg5+  1-0